[Event "GRE-chT 43rd"]
[Site "Porto Rio"]
[Date "2015.10.11"]
[Round "6.15"]
[White "Petritaj, Fotjon"]
[Black "Spirliadis, Achileas"]
[Result "1-0"]
[WhiteElo "2280"]
[BlackElo "2093"]
[PlyCount "93"]
[EventDate "2015.10.08"]
[EventType "team-swiss"]
[EventRounds "7"]
[EventCountry "GRE"]
[SourceTitle "CBM 168 Extra"]
[Source "ChessBase"]
[SourceDate "2015.10.29"]
[SourceVersion "1"]
[SourceVersionDate "2015.10.29"]
[SourceQuality "1"]
[WhiteTeam "Kalamata"]
[BlackTeam "Thinalios"]
[WhiteTeamCountry "GRE"]
[BlackTeamCountry "GRE"]

1. d4 Nf6 2. c4 g6 3. Nc3 d5 4. Nf3 Bg7 5. Qb3 dxc4 6. Qxc4 0-0 7. e4 a6 8. Bf4 b5 9. Qb3 Bb7 10. e5 Nd5 11. Bd2 Nb6 12. Be3 Nc6 13. Rd1 Na5 14. Qb4 Nc6 15. Qb3 Na5 16. Qc2 Nbc4 17. Bc1 Qc8 18. b3 Nb6 19. Ba3 f6 20. exf6 Rxf6 21. Ne4 Rf4 22. Bd3 Qg4 23. Ng3 Nc6 24. Be2 Raf8 25. Bc5 Nd5 26. 0-0 Qc8 27. Rfe1 Bh6 28. Bf1 R4f7 29. a4 Nf4 30. d5 Nxd5 31. Rxd5 Nb4 32. Bxb4 Bxd5 33. axb5 axb5 34. Bxb5 c6 35. Bc4 Qb7 36. Bxd5 cxd5 37. Bc3 Rc8 38. Qb2 Qc7 39. Bd4 Qa5 40. b4 Qa4 41. Bc5 Bg7 42. Qe2 e5 43. Ng5 Rf6 44. Qxe5 Qc6 45. Qe2 Bf8 46. Bxf8 Rcxf8 47. Qe7 1-0

[Event "GRE-chT 43rd"]
[Site "Porto Rio"]
[Date "2015.10.08"]
[Round "1.14"]
[White "Zysk, Robert"]
[Black "Petritaj, Fotjon"]
[Result "1-0"]
[WhiteElo "2404"]
[BlackElo "2280"]
[PlyCount "72"]
[EventDate "2015.10.08"]
[EventType "team-swiss"]
[EventRounds "7"]
[EventCountry "GRE"]
[SourceTitle "CBM 168 Extra"]
[Source "ChessBase"]
[SourceDate "2015.10.29"]
[SourceVersion "1"]
[SourceVersionDate "2015.10.29"]
[SourceQuality "1"]
[WhiteTeam "Papagou"]
[BlackTeam "Kalamata"]
[WhiteTeamCountry "GRE"]
[BlackTeamCountry "GRE"]

1. Nf3 Nf6 2. c4 e6 3. g3 d5 4. b3 Be7 5. Bg2 0-0 6. Bb2 b6 7. cxd5 exd5 8. Qc2 Na6 9. a3 Bb7 10. Ng5 h6 11. Bxf6 hxg5 12. Bxe7 Qxe7 13. h4 Rfe8 14. Nc3 g4 15. d4 c5 16. Qd2 cxd4 17. Nxd5 Qd7 18. Qg5 Bxd5 19. Qxd5 Qc7 20. Qxd4 Rad8 21. Qb2 Qe7 22. b4 Rd6 23. e3 Nc7 24. 0-0 Red8 25. Rac1 Ne6 26. Qe5 g5 27. Rc4 f6 28. Qf5 Ng7 29. Qxg4 gxh4 30. Qxh4 Rd1 31. Rxd1 Rxd1+ 32. Kh2 Rd2 33. Rc8+ Kf7 34. Qc4+ Qe6 35. Rc7+ Kf8 36. Qh4 Ne8 1-0

[Event "Durres op"]
[Site "Durres"]
[Date "2014.11.04"]
[Round "5"]
[White "Petritaj, Fotjon"]
[Black "Mehmeti, Dritan"]
[Result "0-1"]
[WhiteElo "2249"]
[BlackElo "2423"]
[PlyCount "66"]
[EventDate "2014.11.01"]
[EventType "swiss"]
[EventRounds "9"]
[EventCountry "ALB"]
[SourceTitle "EXT 2015"]
[Source "ChessBase"]
[SourceDate "2014.11.20"]
[SourceVersion "1"]
[SourceVersionDate "2014.11.20"]
[SourceQuality "1"]

1. d4 Nf6 2. c4 e6 3. Nc3 d5 4. Nf3 c6 5. e3 Nbd7 6. Bd3 dxc4 7. Bxc4 b5 8. Bd3 Bb7 9. 0-0 a6 10. e4 c5 11. d5 c4 12. Bc2 Qc7 13. dxe6 fxe6 14. Qe2 Bd6 15. h3 0-0 16. a3 Rad8 17. Nd4 Nc5 18. Be3 Bh2+ 19. Kh1 Be5 20. Rad1 Bxd4 21. Bxd4 e5 22. Bxc5 Qxc5 23. Rxd8 Rxd8 24. f4 exf4 25. Rxf4 Nh5 26. Rf3 h6 27. Qe1 Rf8 28. Rxf8+ Qxf8 29. Kg1 Qf4 30. e5 Qd4+ 31. Kh1 Nf4 32. Ne4 Qxe5 33. Qe3 Nd3 0-1

[Event "Kalamata NOK op 1st "]
[Site "Kalamata"]
[Date "2011.05.01"]
[Round "4"]
[White "Reitzopoulos, Konstantinos"]
[Black "Petritaj, Fotjon"]
[Result "0-1"]
[WhiteElo "1917"]
[BlackElo "2237"]
[PlyCount "101"]
[EventDate "2011.04.29"]
[EventType "swiss"]
[EventRounds "5"]
[EventCountry "GRE"]
[SourceTitle "EXT 2024"]
[Source "ChessBase"]
[SourceDate "2023.10.10"]
[SourceVersion "1"]
[SourceVersionDate "2023.10.10"]
[SourceQuality "1"]

1. d4 Nf6 2. c4 e6 3. Nc3 d5 4. Nf3 Be7 5. Bg5 h6 6. Bh4 0-0 7. e3 Nbd7 8. Bd3 c5 9. cxd5 Nxd5 10. Bxe7 Nxe7 11. 0-0 cxd4 12. Nxd4 Ne5 13. Be2 Bd7 14. Qb3 Rb8 15. Rfd1 Qa5 16. a4 Rfd8 17. Rd2 Nd5 18. Bb5 Nxc3 19. Qxc3 Qxc3 20. bxc3 a6 21. Bxd7 Rxd7 22. Rb2 Rc8 23. Rb3 Rc4 24. Kf1 Rdc7 25. Ne2 g5 26. a5 R4c5 27. f3 Nc4 28. Kf2 Rxa5 29. Rxa5 Nxa5 30. Rb4 Nc4 31. e4 a5 32. Ra4 b5 33. Ra1 e5 34. Nc1 Rd7 35. Ra2 a4 36. Ke2 Kf8 37. Nd3 Ke7 38. Nb4 Kd6 39. Nd5 Kc5 40. Nb4 f6 41. h3 h5 42. Nd3+ Kb6 43. Nb4 Ka5 44. Nd5 a3 45. Nb4 Ka4 46. Rc2 Kb3 47. Ke1 Nb2 48. Rc1 Nd3+ 49. Nxd3 Rxd3 50. Rb1+ Kc2 51. Rxb5 0-1

[Event "GRE ESSPEP-ch"]
[Site "Greece"]
[Date "2008.03.23"]
[Round "4"]
[White "Hrisafis, Argirios"]
[Black "Petritaj, Fotjon"]
[Result "0-1"]
[WhiteElo "1939"]
[BlackElo "2244"]
[PlyCount "74"]
[EventDate "2008.03.21"]
[EventType "swiss"]
[EventRounds "5"]
[EventCountry "GRE"]
[SourceTitle "EXT 2024"]
[Source "ChessBase"]
[SourceDate "2023.10.10"]
[SourceVersion "1"]
[SourceVersionDate "2023.10.10"]
[SourceQuality "1"]

1. e4 c6 2. Nf3 d5 3. exd5 cxd5 4. g3 Nf6 5. Bg2 Bf5 6. d3 Nc6 7. 0-0 e6 8. Nbd2 h6 9. Nb3 Be7 10. Bf4 0-0 11. Nfd4 Bh7 12. a3 Rc8 13. Qe2 Nxd4 14. Nxd4 Qb6 15. c3 Nd7 16. Rfd1 Rfe8 17. Be3 Qa6 18. c4 e5 19. Nb5 d4 20. Bc1 Qb6 21. a4 a6 22. a5 Qd8 23. Na3 Qc7 24. Qf3 Nc5 25. b4 Nxd3 26. Rxd3 e4 27. Qg4 exd3 28. Bxh6 Bf8 29. c5 f5 30. Qg5 Kh8 31. Bxg7+ Qxg7 32. Qxg7+ Kxg7 33. Bxb7 d2 34. Nc2 f4 35. Rd1 Bxc2 36. Rxd2 d3 37. Bxa6 Rb8 0-1

[Event "Kalamata OSK op"]
[Site "Kalamata"]
[Date "2007.12.23"]
[Round "5"]
[White "Petritaj, Fotjon"]
[Black "Hrisafis, Argirios"]
[Result "1-0"]
[WhiteElo "2244"]
[BlackElo "1939"]
[PlyCount "87"]
[EventDate "2007.12.21"]
[EventType "swiss"]
[EventRounds "5"]
[EventCountry "GRE"]
[SourceTitle "EXT 2024"]
[Source "ChessBase"]
[SourceDate "2023.10.10"]
[SourceVersion "1"]
[SourceVersionDate "2023.10.10"]
[SourceQuality "1"]

1. d4 d5 2. c4 dxc4 3. Nc3 a6 4. a4 Nc6 5. e3 e5 6. d5 Na5 7. Nf3 Bg4 8. Be2 Bd6 9. Nd2 Bxe2 10. Qxe2 Nf6 11. Nxc4 Nxc4 12. Qxc4 0-0 13. 0-0 Qd7 14. Bd2 Qf5 15. e4 Qh5 16. h3 Nd7 17. Rac1 f5 18. exf5 Rxf5 19. Ne4 Qg6 20. Rc3 Raf8 21. Rg3 Qe8 22. Rb3 b6 23. Be3 Rf4 24. Bxf4 Rxf4 25. Re3 Qg6 26. Qc6 Rxe4 27. Rxe4 Qxe4 28. Qxd7 h6 29. Qc8+ Kh7 30. Qxa6 Qxd5 31. Qe2 Qd4 32. Qc2+ Kh8 33. Re1 Qf4 34. Qc6 Qd4 35. Qa8+ Kh7 36. Qe4+ Qxe4 37. Rxe4 Kg6 38. Rg4+ Kf6 39. Kf1 Bf8 40. b4 Kf5 41. Rc4 g5 42. a5 b5 43. Rxc7 Bxb4 44. a6 1-0

[Event "Kalamata OSK op"]
[Site "Kalamata"]
[Date "2007.12.22"]
[Round "3"]
[White "Petritaj, Fotjon"]
[Black "Avdouli, Evangelia"]
[Result "1-0"]
[WhiteElo "2244"]
[BlackElo "1853"]
[PlyCount "51"]
[EventDate "2007.12.21"]
[EventType "swiss"]
[EventRounds "5"]
[EventCountry "GRE"]
[SourceTitle "EXT 2024"]
[Source "ChessBase"]
[SourceDate "2023.10.10"]
[SourceVersion "1"]
[SourceVersionDate "2023.10.10"]
[SourceQuality "1"]

1. c4 e6 2. d4 d5 3. Nc3 dxc4 4. e4 Nc6 5. Nf3 Bb4 6. Bxc4 Nge7 7. 0-0 0-0 8. a3 Ba5 9. d5 Bxc3 10. bxc3 Na5 11. Ba2 exd5 12. exd5 Qd6 13. Qa4 b6 14. Bf4 Qg6 15. Bxc7 Bb7 16. c4 Rac8 17. Bg3 Nf5 18. Be5 Ba6 19. Rac1 Rfe8 20. Rfe1 Qg4 21. h3 Qh5 22. Bc3 Rxe1+ 23. Bxe1 f6 24. Bxa5 bxa5 25. Qxa5 Bxc4 26. Bxc4 1-0

[Event "Nikaia op 15th"]
[Site "Nikaia"]
[Date "2007.08.28"]
[Round "7"]
[White "Petritaj, Fotjon"]
[Black "Tsangaris, Spyridon"]
[Result "1-0"]
[WhiteElo "2250"]
[BlackElo "1993"]
[PlyCount "94"]
[EventDate "2007.08.23"]
[EventType "swiss"]
[EventRounds "9"]
[EventCountry "GRE"]
[SourceTitle "CBM 120 Extra"]
[Source "ChessBase"]
[SourceDate "2007.11.01"]
[SourceVersion "1"]
[SourceVersionDate "2007.11.01"]
[SourceQuality "1"]

1. d4 d5 2. c4 c6 3. Nc3 Nf6 4. e3 e6 5. Bd3 Nbd7 6. b3 Bd6 7. Nf3 b6 8. 0-0 Bb7 9. cxd5 Nxd5 10. Nxd5 cxd5 11. Bb2 0-0 12. Rc1 Nf6 13. Ne5 Rc8 14. Qe2 Qe7 15. f3 Nd7 16. f4 f5 17. g4 g6 18. gxf5 gxf5 19. Rxc8 Rxc8 20. Rf3 Kh8 21. Rg3 Bxe5 22. dxe5 Rg8 23. Bd4 Nc5 24. Bc2 Qh4 25. Qf2 Rxg3+ 26. Qxg3 Qh5 27. Qg5 Qxg5+ 28. fxg5 Ne4 29. h4 Ba6 30. Bd1 Kg7 31. Kg2 Kg6 32. Bb2 Bd3 33. a4 Bb1 34. b4 Bd3 35. Bd4 Nd2 36. Kg3 Ne4+ 37. Kf4 Nd2 38. h5+ Kg7 39. a5 bxa5 40. bxa5 a6 41. h6+ Kg8 42. Ba4 Nc4 43. Bd7 Kf7 44. Bxe6+ Kg6 45. Bg8 Nxa5 46. e6 Kh5 47. e7 Bb5 1-0

[Event "Nikaia op 15th"]
[Site "Nikaia"]
[Date "2007.08.27"]
[Round "6"]
[White "Tsiamis, Alexandros"]
[Black "Petritaj, Fotjon"]
[Result "0-1"]
[WhiteElo "1923"]
[BlackElo "2250"]
[PlyCount "70"]
[EventDate "2007.08.23"]
[EventType "swiss"]
[EventRounds "9"]
[EventCountry "GRE"]
[SourceTitle "CBM 120 Extra"]
[Source "ChessBase"]
[SourceDate "2007.11.01"]
[SourceVersion "1"]
[SourceVersionDate "2007.11.01"]
[SourceQuality "1"]

1. e4 c5 2. Nf3 d6 3. c3 Nf6 4. Be2 Nc6 5. Qc2 Bd7 6. 0-0 Rc8 7. d3 e6 8. h3 Be7 9. Be3 0-0 10. Nbd2 b5 11. d4 cxd4 12. Nxd4 a6 13. a4 Nxd4 14. Bxd4 bxa4 15. Bxa6 Rb8 16. Bd3 e5 17. Be3 Nh5 18. Nc4 Nf4 19. Bxf4 exf4 20. e5 d5 21. Bxh7+ Kh8 22. Nd2 g6 23. Bxg6 fxg6 24. Qxg6 Rb6 25. Qd3 Bb5 26. c4 dxc4 27. Qc3 Qd3 28. Qa5 Rg6 29. Kh1 Rfg8 30. Rg1 Bc6 31. f3 a3 32. bxa3 c3 33. Ne4 Bxe4 34. fxe4 Rg3 35. Kh2 Qe2 0-1

[Event "Athens Acropolis op"]
[Site "Athens"]
[Date "2006.08.20"]
[Round "8"]
[White "Simeonidis, Ioannis"]
[Black "Petritaj, Fotjon"]
[Result "0-1"]
[WhiteElo "2299"]
[BlackElo "2210"]
[PlyCount "120"]
[EventDate "2006.08.13"]
[EventType "swiss"]
[EventRounds "9"]
[EventCountry "GRE"]
[SourceTitle "CBM 113 Extra"]
[Source "ChessBase"]
[SourceDate "2006.09.14"]
[SourceVersion "1"]
[SourceVersionDate "2006.09.14"]
[SourceQuality "1"]

1. e4 e6 2. d4 d5 3. Nd2 c5 4. Ngf3 Nc6 5. exd5 exd5 6. Bb5 a6 7. Bxc6+ bxc6 8. 0-0 Bd6 9. c4 Ne7 10. cxd5 cxd5 11. dxc5 Bxc5 12. Nb3 Bd6 13. Bg5 0-0 14. Re1 h6 15. Bh4 Bg4 16. Qd3 Re8 17. Nfd4 Qd7 18. Bg3 a5 19. Qb5 Bxg3 20. hxg3 Kf8 21. Qxd7 Bxd7 22. Nc5 Red8 23. Re5 Be8 24. Rae1 Nc6 25. Nxc6 Bxc6 26. Nb3 g6 27. Nd4 Be8 28. g4 Rab8 29. R1e2 Rb4 30. Rd2 a4 31. f3 Rd6 32. Kf2 Bd7 33. Ke1 Bc8 34. Kd1 Ba6 35. Kc1 Bc4 36. Kb1 Rb7 37. Re3 Ra6 38. Rd1 Kg7 39. Rc1 Rab6 40. Rc2 Kf6 41. f4 Rb8 42. Rd2 R8b7 43. g3 Kg7 44. Nf3 Kf6 45. Nd4 Kg7 46. Re8 Ra7 47. Re3 Rab7 48. Rc3 Re7 49. b3 Re4 50. Kb2 Bf1 51. Nc2 Bh3 52. Rxd5 axb3 53. Rxb3 Ra6 54. Ne3 h5 55. Rd7 Bxg4 56. f5 gxf5 57. Rbb7 Rxe3 58. Rxf7+ Kh6 59. Rh7+ Kg5 60. Rhg7+ Rg6 0-1

[Event "Athens Acropolis op"]
[Site "Athens"]
[Date "2006.08.14"]
[Round "2"]
[White "Zhu, Chen"]
[Black "Petritaj, Fotjon"]
[Result "1/2-1/2"]
[WhiteElo "2476"]
[BlackElo "2210"]
[PlyCount "166"]
[EventDate "2006.08.13"]
[EventType "swiss"]
[EventRounds "9"]
[EventCountry "GRE"]
[SourceTitle "CBM 113 Extra"]
[Source "ChessBase"]
[SourceDate "2006.09.14"]
[SourceVersion "1"]
[SourceVersionDate "2006.09.14"]
[SourceQuality "1"]

1. e4 c6 2. d4 d5 3. Nc3 dxe4 4. Nxe4 Nd7 5. Bd3 Ngf6 6. Ng5 e6 7. N1f3 Bd6 8. Qe2 h6 9. Ne4 Nxe4 10. Qxe4 Nf6 11. Qh4 Qa5+ 12. Bd2 Qh5 13. Qxh5 Nxh5 14. Ne5 Nf6 15. b4 Ke7 16. 0-0 Rd8 17. f4 Kf8 18. Rab1 Bd7 19. Nxd7+ Rxd7 20. Rf3 Be7 21. Bc3 Nd5 22. Be1 Nf6 23. c3 a5 24. bxa5 Rxa5 25. Bc4 b5 26. Bb3 c5 27. f5 c4 28. fxe6 fxe6 29. Bc2 Rxa2 30. Be4 Kg8 31. Bg6 Rb7 32. h4 Bd6 33. Re3 Rb6 34. Kh1 Bf4 35. Rf3 Bc7 36. Bf2 Rb8 37. Be3 e5 38. dxe5 Bxe5 39. Bc5 Rba8 40. Bg1 R2a5 41. Re1 Bd6 42. Rd1 Be7 43. Rf5 Rb8 44. Re5 Bf8 45. Rb1 Ng4 46. Re4 h5 47. Rf4 Bd6 48. Rf5 Nf6 49. Bd4 Rba8 50. Rfxb5 Rxb5 51. Rxb5 Ra1+ 52. Rb1 Rxb1+ 53. Bxb1 Bg3 54. Ba2 Bxh4 55. Bxc4+ Kf8 56. Bd3 Bg3 57. Bg6 Ke7 58. Kg1 Kd6 59. c4 Be5 60. Ba7 Kc6 61. Kf1 Bd6 62. Bd4 Bc5 63. Bc3 Bd6 64. Ke2 Kc5 65. Kd3 Bg3 66. Bb2 Kb4 67. Bd4 h4 68. Bf5 Nh5 69. c5 Kb5 70. Bd7+ Ka6 71. Ke2 Kb7 72. Kf3 Kc7 73. Ba4 Nf6 74. Bc3 Nd7 75. Bxd7 Kxd7 76. Bxg7 Kc6 77. Bf8 Kd5 78. Be7 Be1 79. Ke2 Bg3 80. Bd6 Bxd6 81. cxd6 Kxd6 82. Kf3 h3 83. g4 Ke6 1/2-1/2

[Event "Nikaia op 14th"]
[Site "Nikaia"]
[Date "2006.08.??"]
[Round "8"]
[White "Sriram, Jha"]
[Black "Petritaj, Fotjon"]
[Result "1-0"]
[WhiteElo "2408"]
[BlackElo "2210"]
[PlyCount "81"]
[EventDate "2006.08.??"]
[EventType "swiss"]
[EventRounds "9"]
[EventCountry "GRE"]
[SourceTitle "EXT 2008"]
[Source "ChessBase"]
[SourceDate "2007.11.25"]
[SourceVersion "1"]
[SourceVersionDate "2007.11.25"]
[SourceQuality "1"]

1. Nf3 d5 2. d4 Nf6 3. c4 c6 4. Nc3 dxc4 5. a4 Bf5 6. Ne5 e6 7. f3 Bb4 8. g4 Nd5 9. Qd2 Bg6 10. h4 f6 11. Nxg6 hxg6 12. e4 Nc7 13. Bxc4 Nd7 14. Qd3 Qe7 15. Be3 0-0-0 16. Qc2 e5 17. 0-0-0 exd4 18. Bxd4 Ne5 19. Be2 g5 20. Na2 Rxd4 21. Rxd4 Bc5 22. Rdd1 gxh4 23. Qd2 Ne6 24. f4 Rd8 25. Qc2 Nxf4 26. Rxh4 f5 27. Rh7 Rxd1+ 28. Qxd1 fxe4 29. Nc3 Ned3+ 30. Kb1 Bd4 31. Bxd3 exd3 32. Qd2 Be3 33. Qh2 d2 34. Kc2 b6 35. Qh1 Kb7 36. Qe4 Qc5 37. Rxg7+ Ka6 38. Qe7 d1Q+ 39. Kxd1 Qd4+ 40. Kc2 Ka5 41. b4+ 1-0